000 01324nam a22003497a 4500
003 CHAP
005 20220329141032.0
008 971013s1992 r 00010 d
010 _a61624
011 _a62596
035 _a66770
040 _cCHAP
090 _aFolleto 14764
100 0 0 _aNúñez Escobar, Roberto.
_981932
245 _aCaracterización de variedades criollas de haba (Vicia faba L.) a la resistencia a factores adversos en los Llanos de Serdán, Puebla
260 _aMontecillo, Méx. :
_bColegio de Postgraduados,
_c1992
300 _a4 h.
500 _aAntepropuestas para presentarse ante la Organización de las Naciones Unidas para la Agricultura y la Alimentación
590 _aBATCH-UPD
_b10
_c20130110
_lUCH01
_h0055
590 _aBATCH-UPD
_b10
_c20130110
_lUCH01
_h0657
590 _aBATCH-UPD
_b10
_c20130110
_lUCH01
_h2355
590 _aBATCH-UPD
_b10
_c20130409
_lUCH01
_h2043
590 _aBATCH-UPD
_b10
_c20130914
_lUCH01
_h1559
590 _aCONVERSION
_b10
_c20130109
_lUCH01
_h1333
650 1 4 _aHaba
_xVariedades resistentes a enfermedades.
_952129
650 1 4 _aHaba
_xVariedades.
_952128
700 0 _aLivera Díaz, Domingo.
_967198
700 0 _aSandoval Castro, Engelberto.
_9102105
901 _aBK
942 _cFOLL
949 _aFolleto 14764
_bBC
_cUACH
_d-152002
_eUACH
_i66770
_si
999 _c61624
_d61624